Giới từ tiếng Anh
Trình bày, giải nghĩa các giới từ thông dụng; đưa ra cách sử dụng, minh họa bằng các ví dụ
Đã lưu trong:
| Tác giả chính: | |
|---|---|
| Định dạng: | Sách |
| Năm xuất bản: |
Tp. HCM
Tp. HCM
1997
|
| Chủ đề: | |
| Tags: |
Thêm thẻ
Không có thẻ, Hãy là người đầu tiên gắn thẻ bản ghi này!
|
| LEADER | 00683nam a2200157 4500 | ||
|---|---|---|---|
| 999 | |c 4611 |d 4611 | ||
| 082 | |a 428.1 |b Gi462t | ||
| 100 | |a Nguyễn Thành Yến | ||
| 242 | |a Prepositions | ||
| 245 | |a Giới từ tiếng Anh |c Nguyễn Thành Yến dịch và chú giải | ||
| 260 | |a Tp. HCM |c 1997 |b Tp. HCM | ||
| 300 | |a 386 tr. |c 21 cm | ||
| 520 | |a Trình bày, giải nghĩa các giới từ thông dụng; đưa ra cách sử dụng, minh họa bằng các ví dụ | ||
| 653 | |a Tiếng Anh - Giới từ | ||
| 942 | |2 ddc |c SH | ||
| 952 | |0 0 |1 0 |2 ddc |4 0 |6 428_100000000000000_GI462T |7 0 |8 400 |9 44265 |a qbu |b qbu |c D4 |d 2014-12-19 |g 75000 |o 428.1 Gi462t |p 2434.C1 |w 2014-12-19 |y SH |0 0 |6 428_100000000000000_GI462T | ||